Quick Maths - Statistics

General Stats
  • This quiz has been taken 43 times
  • The average score is 13 of 15
Answer Stats
Question Answer % Correct
77 + 33 = ? 110
94%
107 + 239 = ? 346
94%
360 - 144 = ? 216
92%
6³ = ? 216
89%
81 / 3 = ? 27
89%
916 - 62 = ? 854
89%
19 . 4 = ? 76
86%
11 . 12 = ? 132
83%
180 / 12 = ? 15
83%
1824 / 4 = ? 456
83%
99 . 6 = ? 594
83%
303 . 3 = ? 909
83%
( 15 . 14 ) / 21 = ? 10
81%
13³ / 13² = ? 13
69%
4! = ? 24
67%
No matching quizzes found
Score Distribution
Percent of People with Each Score
Percentile by Number Answered
Your Score History
You have not taken this quiz